Дело о сборе со спектаклей в Новом театре за январскую треть 1815 года

Доступно только в Электронных читальных залах Найти на картеНа карте
RUSMARC
00003974nmc2a22000003x 450
00151c19a23-5fe0-4696-a88b-0f8afd05ef4b
00520181004212302.0
100##$a20161214l18151815k l0rusy0189 ca
1010#$arus
102##$aRU
2001#$aДело о сборе со спектаклей в Новом театре за январскую треть 1815 года
$j1 января - 29 апреля 1815 г.
251##$cДело
300##$aДело
300##$aОриг. заголовок дела: Афиши о сборах со спектаклей в Новом театре за январскую треть. 1 января 1815 г. - 29 апреля 1815 г
801#0$aRU
$bРГИА
$c20161214
$gRCR
801#1$aRU
$bГлавНИВЦ
$c20161214
$2rusmarc
801#2$aRU
$bПБ им. Б.Н. Ельцина
$c20181004
$gRCR
$2rusmarc
850##$aРГИА
852##$aРГИА
$eФедеральное казенное учреждение "Российский государственный исторический архив" (РГИА)
$j1436
937##$hРГИА
$d12236253
$aASBIBLIO_SCAN
462#0$1001dd3991dc-24e1-42ec-8838-ca4255420416
$12001
$a1746-1850 гг.
$1251
$cОпись
$1852
$j1
461#0$10019264ebf8-de62-4f1a-9eb4-9f22098dbbd5
$12001
$aДирекция императорских театров МИДв
$1251
$cФонд
$1852
$j497
215##$a210 л.
$d36,5х26 см
371##$aДокумент не является опубликованным и широко распространяемым
5171#$aАфиши о сборах со спектаклей в Новом театре за январскую треть. 1 января 1815 г. - 29 апреля 1815 г
105##$ay###
1222#$ad
035##$a51c19a23-5fe0-4696-a88b-0f8afd05ef4b
856##$uhttp://readingroom.main.prlib.ru/item.aspx?id_node=n118903741&mode=full
Формат отображения